Κατάλογος Βιβλιοθηκών Mediterranean College

Από τη Γέννηση μέχρι το Πέμπτο Έτος / Η Αναπτυξιακή Πορεία των Παιδιών (Record no. 6120)

MARC details
000 -LEADER
fixed length control field 02055cam a22002174a 4500
005 - ΗΜΕΡΟΜΗΝΙΑ ΚΑΙ ΩΡΑ ΤΕΛΕΥΤΑΙΑΣ ΕΝΗΜΕΡΩΣΗΣ
Πεδίο ελέγχου 20250605164233.0
008 - FIXED-LENGTH DATA ELEMENTS--GENERAL INFORMATION
Πεδίο ελέγχου σταθερού μήκους 250528s ||||||||||||||||||||||||d
035 ## - SYSTEM CONTROL NUMBER
System control number 21049
020 ## - ISBN
ISBN 9789605462093
040 ## - ΠΗΓΗ ΚΑΤΑΛΟΓΟΓΡΑΦΗΣΗΣ
Φορέας πρωτότυπης καταλογογράφησης MC Athens Campus Library
Γλώσσα καταλογογράφησης Ελληνικά, Μοντέρνα (1453-)
Modifying agency MC Athens Campus Library
Κανόνες περιγραφικής καταλογογράφησης AACR2
245 1# - ΤΙΤΛΟΣ ΚΑΙ ΔΗΛΩΣΗ ΥΠΕΥΘΥΝΟΤΗΤΑΣ
Τίτλος Από τη Γέννηση μέχρι το Πέμπτο Έτος / Η Αναπτυξιακή Πορεία των Παιδιών
260 ## - PUBLICATION, DISTRIBUTION, ETC.
Name of publisher, distributor, etc. Πεδίο,
Date of publication, distribution, etc. 2014
300 ## - PHYSICAL DESCRIPTION
Extent 144
520 ## - SUMMARY, ETC.
Summary, etc. Πολύτιμη πηγή γνώσεων της αναπτυξιακής πορείας των βρεφών και των παιδιών προσχολικής ηλικίας. Εισαγωγή, Εικονογραφημένα Διαγράμματα της Αναπτυξιακής Πορείας των Παιδιών, Το Νεογέννητο Βρέφος, 1 Μηνός, 3 Μηνών, 6 Μηνών, 9 Μηνών, 12 Μηνών, 15 Μηνών, 18 Μηνών, 2 Ετών, 2,5 Ετών, 3 Ετών, 4 Ετών, 5 Ετών, Αξιολογώντας την Αναπτυξιακή Πορεία των Παιδιών, Γενικές Αρχές Αξιολόγησης, Κινητική Ανάπτυξη, Ανάπτυξη Οπτικής Αντίληψης και Λεπτής Κινητικότητας, Επικοινωνία, Κοινωνική Συμπεριφορά και Παιχνίδι, Προσοχή και Συναισθήματ και Αυτορρύθμιση, Δέσμευση και Ανάπτυξη του Εγώ, Ακοή, Όραση, Κατάλογος Σημείων Ελέγχου για τον Εντοπισμό Προβλημάτων Ακοής, Κατάλογος Σημείων Ελέγχου για τον Εντοπισμό Προβλημάτων ΌΌρασης, Πηγές από το Διαδίκτυο, Βιβλιογραφικές Αναφορές.
700 1# - ΠΡΟΣΘΕΤΗ ΑΝΑΓΡΑΦΗ--ΦΥΣΙΚΟ ΠΡΟΣΩΠΟ
Personal name Sheridan Mary D
9 (RLIN) 2883
700 1# - ΠΡΟΣΘΕΤΗ ΑΝΑΓΡΑΦΗ--ΦΥΣΙΚΟ ΠΡΟΣΩΠΟ
Personal name Παπαευσταθίου Ιωάννα
9 (RLIN) 7081
700 1# - ΠΡΟΣΘΕΤΗ ΑΝΑΓΡΑΦΗ--ΦΥΣΙΚΟ ΠΡΟΣΩΠΟ
Personal name Πετρογιάννης Κωνσταντίνος
9 (RLIN) 5587
942 ## - ADDED ENTRY ELEMENTS (KOHA)
Koha item type Books
Holdings
Τύπος τεκμηρίου Βιβλιοθήκη Τρέχουσα τοποθεσία Barcode Αριθμός εισαγωγής Ημερομηνία απόκτησης Ταξιθετικό σύμβολο Αριθμός αντιτύπου Κατάσταση απόσυρσης Κατάσταση χαμένου Κατάσταση κατεστραμμένου Μη δανεισμός Σύνολο δανεισμών Ημερομηνία τελευταίας εμφάνισης Η τιμή ισχύει από
Books MC Athens Campus Library MC Athens Campus Library 9780000061195 7058 05/06/2025 600 SHE 1           05/06/2025 05/06/2025

MC Athens Campus Library
Πατησίων 94 & Κοδριγκτώνος 13, 104 34
Πελλήνης 8 & Πατησίων 107, 112 51
Τ: +30 210 8899600

MC Thessaloniki Campus Library
Ίωνος Δραγούμη 21, 54625 | Ίωνος Δραγούμη 15, 54625
Τ: +30 2310 287779 – Τ: +30 2314 440300